Benson Boone - American Heart - Statistics

General Stats
  • This quiz has been taken 122 times
  • The average score is 8 of 10
Answer Stats
2025 American Heart % Correct
4 Mystical Magical
89%
2 Mr Electric Blue
86%
10 Young American Heart
85%
6 Momma Song
84%
3 Man In Me
81%
1 Sorry I'm Here For Someone Else
81%
5 Reminds Me Of You
75%
8 Wanted Man
74%
7 I Wanna Be The One You Call
73%
9 Take Me Home
71%
No matching quizzes found
Score Distribution
Percent of People with Each Score
Percentile by Number Answered
Your Score History
You have not taken this quiz